000 00296nam a2200133 i 4500
001 bg
245 0 _aTechnologia sprzętu elektronicznego.
_nCz.1.
250 _aWyd.2.
260 _aGdańsk,
_c1971.
040 _cBPK
041 _apol
942 _cKS
008 s pl f |000 0 pol
999 _c7488
_d7488
856 _uhttp://koha.tu.koszalin.pl/cgi-bin/koha/opac-detail.pl?biblionumber=7488
_yKatalog online BPK